Object oriented system analysis and design / (Record no. 19835)

MARC details
000 -LEADER
fixed length control field 01006nam a22002775a 4500
005 - DATE AND TIME OF LATEST TRANSACTION
control field 20201128021326.0
008 - FIXED-LENGTH DATA ELEMENTS--GENERAL INFORMATION
fixed length control field 080822t2014 enka frb 001 0 eng d
020 ## - INTERNATIONAL STANDARD BOOK NUMBER
International Standard Book Number 1292039604
020 ## - INTERNATIONAL STANDARD BOOK NUMBER
International Standard Book Number 9781292039602
040 ## - CATALOGING SOURCE
Original cataloging agency EG-ScBUE
Language of cataloging eng
Transcribing agency EG-ScBUE
Modifying agency EG-ScBUE
082 04 - DEWEY DECIMAL CLASSIFICATION NUMBER
Classification number 005.117
Item number ASH
Edition number 22
100 1# - MAIN ENTRY--PERSONAL NAME
Personal name Ashrafi, Noushin.
9 (RLIN) 34881
245 10 - TITLE STATEMENT
Title Object oriented system analysis and design /
Statement of responsibility, etc Noushin Ashrafi, Hessam Ashrafi.
250 ## - EDITION STATEMENT
Edition statement 1st ed., Pearson new international ed.
260 ## - PUBLICATION, DISTRIBUTION, ETC. (IMPRINT)
Place of publication, distribution, etc Harlow :
Name of publisher, distributor, etc Pearson Education Limited,
Date of publication, distribution, etc c.2014.
300 ## - PHYSICAL DESCRIPTION
Extent ii, 631 p. :
Other physical details ill. ;
Dimensions 26 cm.
500 ## - GENERAL NOTE
General note Index : p. 621-631.
504 ## - BIBLIOGRAPHY, ETC. NOTE
Bibliography, etc Includes bibliographical references.
650 #7 - SUBJECT ADDED ENTRY--TOPICAL TERM
Topical term or geographic name as entry element Object-oriented programming (Computer science)
9 (RLIN) 2658
Source of heading or term BUEsh
650 #7 - SUBJECT ADDED ENTRY--TOPICAL TERM
Topical term or geographic name as entry element Computer software
General subdivision Development.
9 (RLIN) 11535
Source of heading or term BUEsh
650 #7 - SUBJECT ADDED ENTRY--TOPICAL TERM
Topical term or geographic name as entry element System design.
9 (RLIN) 733
Source of heading or term BUEsh
651 ## - SUBJECT ADDED ENTRY--GEOGRAPHIC NAME
Source of heading or term BUEsh
653 ## - INDEX TERM--UNCONTROLLED
Resource For college Informatics and Computer Science
Arrived date list January2014
-- September2015
-- November2016
700 1# - ADDED ENTRY--PERSONAL NAME
Personal name Ashrafi, Hessam.
9 (RLIN) 34882
942 ## - ADDED ENTRY ELEMENTS (KOHA)
Source of classification or shelving scheme Dewey Decimal Classification
Call number prefix 005.117 ASH
Holdings
Withdrawn status Lost status Source of classification or shelving scheme Damaged status Not for loan Koha collection Home library Current library Shelving location Date acquired Source of acquisition Cost, normal purchase price Serial Enumeration / chronology Total Checkouts Total Renewals Full call number Barcode Date last seen Date last borrowed Cost, replacement price Koha item type
    Dewey Decimal Classification     Alahram Central Library Central Library Lower Floor 24/06/2015 Purchase 295.00 319 1 5 005.117 ASH 000038688 15/07/2025 07/02/2023 368.75 Book - Borrowing
    Dewey Decimal Classification     Baccah Central Library Central Library Lower Floor 22/11/2016 Purchase 275.00 2000088     005.117 ASH 000034981 15/07/2025   343.75 Book - Borrowing